00434nam a2200181Ia 4500003000400000005001700004008004100021020000600062040000700068041000800075082002300083100003500106245003000141250000600171260004500177300001700222365001300239OSt20230511094815.0210423s1966 xx 000 0 und d a- cAL aeng a574.192 223bWESE aWEST (Edward Staunton);others. aTextbook of biochemistry. a4 aNew DelhibOxford University Pressc1966 axiv,1595bPB b445cINR